| 000 | 02141nam a2200277 i 4500 | ||
|---|---|---|---|
| 001 | 110729 | ||
| 003 | ES-MaACL | ||
| 005 | 20230906185139.0 | ||
| 007 | t| | ||
| 008 | 070123m19281930sp ||||1| spa d | ||
| 080 | _a347.41/.43 | ||
| 100 | 1 |
_aGiorgi, Giorgio. _957167 |
|
| 245 | 1 | 0 |
_aTeoría de las obligaciones en el Derecho moderno _b: expuesta conforme a la doctrina y a la jurisprudencia italiana, francesa, alemana, etc., etc. / _cpor Jorge Giorgi ; traducida de la séptima edición italiana y anotada con arreglo a las legislaciones española y americanas, por la Redaccion de la Revista General de Legislación, Jurisprudencia, y precedidad de una introduccion de Eduardo Dato Iradier. |
| 250 | _a2ª ed rev. | ||
| 260 |
_aMadrid : _bHijos de Reus, _c1928-1930. |
||
| 300 |
_a9 v. ; _c23 cm. |
||
| 490 | 1 |
_aBiblioteca jurídica de autores españoles y extranjeros ; _v106-114 |
|
| 504 | _aIndice. | ||
| 505 | 8 | _aContiene: v. 1. Definición de las obligaciones; obligaciones naturales, solidarias, indivisibles; forma y prueba de las obligaciones.(E-3099).-- v. 2. Efectos de las obligaciones;...(E-3100).-- v. 3. Fuentes de las obligaciones.-Contratos.(E-3101).-- v. 4. Fuentes de las obligaciones; (continuación y fin de los contratos).(E-3102).-- v. 5. Fuentes de las obligaciones; cuasi-contratos; hechos ilicitos; leyes.(E-3103).-- v. 6. Fuentes de las obligaciones; obligaciones nacidas de la ley (Continuación y fin); tramitación de las obligaciones.(E-3104).-- v. 7. Extincion de las obligaciones...(E-3105).-- v. 8. Extinción de las obligaciones (Continuación y fin); compensación; confusión; pérdida de la cosa debida; acciones rescisorias; prescripción.(E-3106).-- v. 9. Indice General por orden alfabético de todas las materias contenidad en los ocho volúmenes.(E-3107) | |
| 650 | 4 |
_aObligaciones (Derecho) _915660 |
|
| 700 | 1 |
_aDato, Eduardo, _d1856-1921 _942789 |
|
| 710 | 2 |
_aRevista General de Legislación y Jurisprudencia. _96446 |
|
| 830 | 0 |
_aBiblioteca jurídica de autores españoles y extranjeros ; _v106-114 _9182228 |
|
| 852 |
_aES-MaACL _jE-3099-3107 |
||
| 999 |
_c110729 _d110729 |
||